Central Library OPAC University of Rajshahi

The kings treasuries of literature / (Record no. 19077)

MARC details
000 -LEADER
fixed length control field 00621nam a22002177a 4500
001 - CONTROL NUMBER
control field 19077
003 - CONTROL NUMBER IDENTIFIER
rucl marc code BD-RjUL
005 - DATE AND TIME OF LATEST TRANSACTION
control field 20211209000400.0
008 - FIXED-LENGTH DATA ELEMENTS--GENERAL INFORMATION
fixed length control field 140223r19541929enka 000 0 eng d
035 ## - SYSTEM CONTROL NUMBER
System control number (BD-RjUL)19135
040 ## - CATALOGING SOURCE
Original cataloging agency BD-RjUL
Language of cataloging eng
Transcribing agency BD-RjUL
041 ## - LANGUAGE CODE
Language code of text/sound track or separate title eng
082 ## - DEWEY DECIMAL CLASSIFICATION NUMBER
Classification number 822.08
Author mark and year KIN 1954
245 ## - TITLE STATEMENT
Title The kings treasuries of literature /
Statement of responsibility, etc. editor A. T. Quiller Couch
260 ## - PUBLICATION, DISTRIBUTION, ETC. (IMPRINT)
Place of publication, distribution, etc. London :
Name of publisher, distributor, etc. J. M. Dent,
Date of publication, distribution, etc. [Reprinted 1954].
300 ## - PHYSICAL DESCRIPTION
Pagination 256 p. :
Illustrations ill. ;
Size 16 cm.
490 1# - SERIES STATEMENT
Series statement Modern plays in one act
650 #0 - SUBJECT ADDED ENTRY--TOPICAL TERM
Topical term or geographic name as entry element English drama
9 (RLIN) 58811
700 1# - ADDED ENTRY--PERSONAL NAME
Personal name Couch, A. T. Quiller
942 ## - ADDED ENTRY ELEMENTS (KOHA)
Source of classification or shelving scheme Dewey Decimal Classification
Koha item type Books
Holdings
Lost status Source of classification or shelving scheme Damaged status Not for loan Collection code Permanent Location Current Location Shelving location Date acquired Source of acquisition Total Checkouts Full call number Date last seen Copy number Koha item type
  Dewey Decimal Classification   Not For Loan Fiction Central Library, University of Rajshahi Central Library, University of Rajshahi Reading Room 06/05/1966 Asia foundation   822.08 KIN 1954 23/02/2014 C-1 Books